Sily Van-der-Vaaľsa /
Salvato in:
| Autore principale: | |
|---|---|
| Natura: | Libro |
| Pubblicazione: |
Moskva :
Nauka,
1988
|
| Tags: |
Nessun Tag, puoi essere il primo ad aggiungerne!!
|
MARC
| LEADER | 00000nam a22000003a 4500 | ||
|---|---|---|---|
| 001 | stu14470 | ||
| 005 | 20150617225757.2 | ||
| 008 | ------s1988----xxr---------------------d | ||
| 040 | |a STU |b slo | ||
| 041 | 0 | ||
| 044 | |a xxr | ||
| 080 | |a 539.2 | ||
| 100 | 1 | |a Baraš, Jurij Semenovič |4 aut | |
| 245 | 1 | |a Sily Van-der-Vaaľsa / |c [aut.]Baraš,Jurij Semenovič | |
| 260 | |a Moskva : |b Nauka, |c 1988 | ||
| 300 | |a 344 s : |b Grafy,lit | ||
| 996 | |b C83496 |c C*83496 |l CCV |s P |a 0 |w stu14470_0001 | ||
| 996 | |b C84019 |c C*84019 |l CCIII |s P |a 0 |w stu14470_0002 | ||
| 996 | |b C84657 |c C*84657 |l CCVIIIB |s P |a 0 |w stu14470_0003 | ||
| 996 | |b C84143 |c C*84143 |l CCXXIVB |s P |a 0 |w stu14470_0004 | ||